[Event "20th Asia-ch (w)"]
[Site "Tashkent UZB"]
[Date "2016.05.28"]
[Round "3.4"]
[White "Li Xueyi"]
[Black "Padmini, Rout"]
[Result "1-0"]
[WhiteElo "2105"]
[BlackElo "2433"]
[EventDate "2016.05.26"]
[PlyCount "71"]

1.d4 Nf6 2.c4 e6 3.g3 d5 4.Bg2 Be7 5.Nf3 O-O 6.O-O dxc4 7.Qc2 a6 8.a4 Bd7 
9.Qxc4 Bc6 10.Bg5 Bd5 11.Qd3 Be4 12.Qe3 Bc6 13.Nc3 a5 14.Qf4 Bxf3 15.Qxf3 
c6 16.Rfd1 h6 17.Bf4 Na6 18.e4 Nb4 19.Rac1 Qd7 20.Qe2 Rfc8 21.Nb1 Bd8 22.
Na3 Bc7 23.Be3 Ne8 24.Nc2 Nxc2 25.Rxc2 Nd6 26.Qg4 f5 27.Qg6 Qf7 28.Qxf7+ 
Kxf7 29.d5 cxd5 30.exf5 Bd8 31.fxe6+ Ke7 32.Rcd2 Nc4 33.Rxd5 Nxe3 34.Rd7+ 
Kxe6 35.fxe3 Rab8 36.Bh3+ 1-0

[Event "20th Asia-ch (w)"]
[Site "Tashkent UZB"]
[Date "2016.05.28"]
[Round "3.5"]
[White "Pham Le Thao Nguyen"]
[Black "Gomes, Mary Ann"]
[Result "1/2-1/2"]
[WhiteElo "2348"]
[BlackElo "2304"]
[EventDate "2016.05.26"]
[PlyCount "101"]

1.Nf3 c5 2.c4 Nc6 3.g3 g6 4.Bg2 Bg7 5.O-O e5 6.Nc3 Nge7 7.d3 O-O 8.Ne1 d6 
9.Nc2 Be6 10.a3 a5 11.Rb1 d5 12.cxd5 Nxd5 13.Ne4 b6 14.Ng5 Bc8 15.Ne3 Nde7
16.b4 cxb4 17.axb4 axb4 18.Bd2 Rb8 19.Bxb4 Nxb4 20.Rxb4 h6 21.Nf3 Be6 22.
Qb1 Nc6 23.Rb5 Na7 24.Rb4 b5 25.Rc1 Qd6 26.Nd2 f5 27.Rb2 Rfc8 28.Rxc8+ 
Rxc8 29.h4 h5 30.Rc2 Rxc2 31.Qxc2 Bh6 32.Nd1 e4 33.Nb3 exd3 34.exd3 Bg7 
35.Ne3 Bf7 36.Nd2 Bd4 37.Nef1 Qc5 38.Qxc5 Bxc5 39.Bf3 b4 40.Bd1 Nc6 41.Nb3
Ba7 42.Nfd2 Ne5 43.Be2 Bd5 44.d4 Nc6 45.Bf3 Bxb3 46.Nxb3 Nxd4 47.Bd5+ Kg7 
48.Nxd4 Bxd4 49.Kf1 f4 50.Kg2 fxg3 51.fxg3 1/2-1/2

[Event "20th Asia-ch (w)"]
[Site "Tashkent UZB"]
[Date "2016.05.28"]
[Round "3.6"]
[White "Kulkarni, Bhakti Pradip"]
[Black "Soumya, Swaminathan"]
[Result "1-0"]
[WhiteElo "2296"]
[BlackElo "2346"]
[EventDate "2016.05.26"]
[PlyCount "83"]

1.d4 Nf6 2.c4 c5 3.d5 e6 4.Nc3 exd5 5.cxd5 d6 6.Nf3 g6 7.g3 Bg7 8.Bg2 O-O 
9.O-O a6 10.a4 Nbd7 11.Bf4 Qc7 12.Rc1 Re8 13.b4 Qb6 14.bxc5 Nxc5 15.Nd2 
Bf8 16.Nc4 Qd8 17.a5 Bf5 18.Nb6 Rb8 19.Re1 h6 20.Nca4 Nxa4 21.Qxa4 g5 22.
Bd2 Nd7 23.e4 Nxb6 24.axb6 Bd7 25.Qb4 Rc8 26.Rxc8 Bxc8 27.Rc1 Bg7 28.Rc7 
Re7 29.Rc4 Bg4 30.e5 Bf5 31.exd6 Rd7 32.g4 Bd3 33.Rc7 Rxd6 34.Rxb7 Bb5 35.
Qc5 Be5 36.Rc7 Qf6 37.b7 Rd8 38.Rc8 Bd7 39.Rxd8+ Qxd8 40.d6 f6 41.Ba5 Qe8 
42.Bc7 1-0

[Event "20th Asia-ch (w)"]
[Site "Tashkent UZB"]
[Date "2016.05.28"]
[Round "3.7"]
[White "Khademalsharieh, Sarasadat"]
[Black "Vo Thi Kim Phung"]
[Result "1-0"]
[WhiteElo "2459"]
[BlackElo "2173"]
[EventDate "2016.05.26"]
[PlyCount "113"]

1.d4 e6 2.c4 b6 3.e4 c5 4.d5 exd5 5.cxd5 d6 6.Nc3 a6 7.a4 g6 8.Nf3 Bg7 9.
Bd3 Nf6 10.O-O Bg4 11.h3 Bxf3 12.Qxf3 O-O 13.Bf4 Ne8 14.Qe2 Nc7 15.Rab1 
Re8 16.Qc2 Qf6 17.Qd2 Nd7 18.Bg5 Qd4 19.Be3 Qb4 20.Qc2 c4 21.Na2 cxd3 22.
Qxc7 Qxa4 23.Nc3 Bxc3 24.bxc3 Nf6 25.Rb4 Qd7 26.Qxb6 Nxe4 27.Qd4 Rac8 28.
c4 Nc5 29.Rb6 Re4 30.Qa1 Rxc4 31.Bh6 f6 32.Qxf6 Ne4 33.Qb2 Nc3 34.Qd2 Nxd5
35.Rxa6 Rc3 36.Qa2 Qe6 37.Ra7 Nc7 38.Qa1 Qc4 39.Rb7 d5 40.Qa7 Qc5 41.Qa4 
Rd8 42.Qh4 Rf8 43.Bxf8 Qxf8 44.Qd4 Qg7 45.Rb8+ Kf7 46.Qf4+ Ke7 47.Re1+ Kd7
48.Qg4+ Kd6 49.Rb6+ Rc6 50.Qb4+ Kd7 51.Qa4 Qc3 52.Qg4+ Kd6 53.Qf4+ Kd7 54.
Qf7+ Kc8 55.Qf8+ Kd7 56.Re7+ Kd6 57.Re8+ 1-0

[Event "20th Asia-ch (w)"]
[Site "Tashkent UZB"]
[Date "2016.05.28"]
[Round "3.8"]
[White "Saduakasova, Dinara"]
[Black "Abdusattorova, Bakhora"]
[Result "1-0"]
[WhiteElo "2415"]
[BlackElo "2091"]
[EventDate "2016.05.26"]
[PlyCount "111"]

1.d4 Nf6 2.c4 e6 3.g3 d5 4.Nf3 Be7 5.Bg2 O-O 6.O-O dxc4 7.Qc2 a6 8.a4 Bd7 
9.Rd1 Bc6 10.Bg5 Be4 11.Qxc4 Nc6 12.Nbd2 Na5 13.Qc1 Bxf3 14.Bxf3 Qxd4 15.
Qxc7 Bd8 16.Qc2 Qb4 17.Bf4 Bb6 18.Qc3 Qc5 19.Qxc5 Bxc5 20.Rac1 Rac8 21.
Rxc5 Rxc5 22.b4 Rf5 23.bxa5 Rxa5 24.Bd6 Rc8 25.Bxb7 Rc2 26.Nf3 Rxa4 27.Be5
h6 28.Rd8+ Kh7 29.Rf8 Nd7 30.Rxf7 Nxe5 31.Nxe5 Rxe2 32.Nd3 a5 33.Nf4 Re1+ 
34.Kg2 Rc4 35.Nh5 Re5 36.Bf3 Rg5 37.Ra7 Kh8 38.Ra8+ Kh7 39.Ra7 Kh8 40.g4 
a4 41.h4 Rgc5 42.Be2 Rc7 43.Ra6 Rd4 44.Bf3 e5 45.Ng3 Rcc4 46.Nf5 Rd2 47.
Nd6 Rf4 48.g5 hxg5 49.hxg5 e4 50.Nxe4 Rd3 51.Be2 Rd4 52.g6 Kg8 53.Ng5 Rd8 
54.Ne6 Re4 55.Nxd8 Rxe2 56.Ne6 1-0

[Event "20th Asia-ch (w)"]
[Site "Tashkent UZB"]
[Date "2016.05.28"]
[Round "3.9"]
[White "Vaishali, Ramesh Babu"]
[Black "Batchimeg, Tuvshintogs"]
[Result "1/2-1/2"]
[WhiteElo "2322"]
[BlackElo "2412"]
[EventDate "2016.05.26"]
[PlyCount "101"]

1.e4 e5 2.Nf3 Nc6 3.Nc3 Nf6 4.Bb5 Bc5 5.Nxe5 Bxf2+ 6.Kxf2 Nxe5 7.d4 Ng6 8.
e5 c6 9.Bg5 h6 10.Bxf6 gxf6 11.Bd3 fxe5 12.Bxg6 fxg6 13.Re1 O-O+ 14.Kg1 
exd4 15.Qd3 Kh7 16.Ne2 d5 17.Nxd4 Bf5 18.Qe3 Re8 19.Qf2 Rf8 20.Qe3 Qd7 21.
Nxf5 Rxf5 22.Rf1 d4 23.Qa3 Re5 24.Rf4 b6 25.Raf1 Rf5 26.Rxf5 gxf5 27.Qd3 
Rf8 28.c3 c5 29.Rf4 Qd6 30.g3 Qd5 31.cxd4 Kg6 32.Rg4+ Kf6 33.Rf4 Kg5 34.
Qe3 Kg6 35.Rh4 h5 36.dxc5 Rd8 37.Qe2 Qd1+ 38.Qxd1 Rxd1+ 39.Kg2 Rd2+ 40.Kh3
bxc5 41.Ra4 Rxb2 42.Rxa7 Kf6 43.Rc7 Rc2 44.a4 Ke5 45.a5 Kd4 46.Rd7+ Ke3 
47.Re7+ Kd4 48.Rf7 Ke4 49.Re7+ Kd4 50.Rf7 Ke4 51.Re7+ 1/2-1/2

[Event "20th Asia-ch (w)"]
[Site "Tashkent UZB"]
[Date "2016.05.28"]
[Round "3.10"]
[White "Tokhiryonova, Gulrukhbegim"]
[Black "Yuan Ye"]
[Result "1-0"]
[WhiteElo "2390"]
[BlackElo "2171"]
[EventDate "2016.05.26"]
[PlyCount "51"]

1.e4 c5 2.Nf3 e6 3.d4 cxd4 4.Nxd4 Nc6 5.Nc3 Qc7 6.Be3 a6 7.Qf3 Ne5 8.Qg3 
h5 9.O-O-O h4 10.Qh3 Bb4 11.f4 Bxc3 12.fxe5 Bb4 13.Qg4 Bf8 14.Bd3 Qxe5 15.
Nf3 Qa5 16.Kb1 Nf6 17.Qf4 Be7 18.Bd4 Nh5 19.Qe3 Qc7 20.e5 b5 21.g4 Bb7 22.
gxh5 Qc6 23.Rhf1 Rxh5 24.Nd2 Bg5 25.Qe2 g6 26.Be4 1-0

[Event "20th Asia-ch (w)"]
[Site "Tashkent UZB"]
[Date "2016.05.28"]
[Round "3.11"]
[White "Al-Rufei, Eman Hassane"]
[Black "Hejazipour, Mitra"]
[Result "0-1"]
[WhiteElo "2017"]
[BlackElo "2349"]
[EventDate "2016.05.26"]
[PlyCount "92"]

1.e4 c5 2.Nc3 d6 3.g3 Nc6 4.Bg2 g6 5.d3 Bg7 6.f4 e6 7.Nf3 Nge7 8.O-O O-O 
9.Be3 Nd4 10.e5 Nef5 11.Bf2 dxe5 12.Nxe5 f6 13.Nc4 Rb8 14.Ne4 b6 15.c3 Nb5
16.Qb3 Bd7 17.Rad1 Nc7 18.g4 Ne7 19.Ne3 Kh8 20.h3 Ned5 21.Nxd5 exd5 22.Ng3
f5 23.g5 d4 24.cxd4 cxd4 25.Ne2 Ne6 26.Qd5 Qe7 27.Rde1 Qf7 28.Nxd4 Nxf4 
29.Qxf7 Rxf7 30.Nb3 Nxd3 31.Bd5 Rff8 32.Re7 Nxf2 33.Kxf2 Rbd8 34.Rfe1 Bxb2
35.R7e2 Bg7 36.h4 Bb5 37.Rd1 Bxe2 38.Kxe2 Rfe8+ 39.Kf2 Re5 40.Bf3 Rxd1 41.
Bxd1 Re4 42.h5 gxh5 43.Bxh5 Rh4 44.Bf7 Rg4 45.Kf3 Rxg5 46.Kf4 Bh6 0-1

[Event "20th Asia-ch (w)"]
[Site "Tashkent UZB"]
[Date "2016.05.28"]
[Round "3.12"]
[White "Pratyusha, Bodda"]
[Black "Bashaer, Khalil"]
[Result "1-0"]
[WhiteElo "2336"]
[BlackElo "1599"]
[EventDate "2016.05.26"]
[PlyCount "70"]

1.d4 d5 2.c4 e6 3.Nc3 Nf6 4.cxd5 exd5 5.Bg5 c6 6.e3 Bf5 7.Qf3 Bg6 8.Bxf6 
Qxf6 9.Qxf6 gxf6 10.Nge2 Bd6 11.h4 h6 12.g3 Nd7 13.Bg2 f5 14.Nc1 Ke7 15.
Nd3 Rhe8 16.O-O Kf8 17.Ne2 Re7 18.Nef4 Rae8 19.b4 Nb6 20.a4 Nc4 21.b5 Rb8 
22.Rfc1 a6 23.Bf1 Ra8 24.bxc6 bxc6 25.Nc5 Bxc5 26.Bxc4 Bd6 27.Bd3 Bxf4 28.
gxf4 Rc7 29.Rab1 a5 30.Rb6 Rac8 31.Rc5 Ke7 32.Rxa5 c5 33.Ba6 Ra8 34.Rxc5 
Rxc5 35.dxc5 f6 1-0

[Event "20th Asia-ch (w)"]
[Site "Tashkent UZB"]
[Date "2016.05.29"]
[Round "4.1"]
[White "Nguyen Thi Mai Hung"]
[Black "Pourkashiyan, Atousa"]
[Result "1-0"]
[WhiteElo "2276"]
[BlackElo "2336"]
[EventDate "2016.05.26"]
[PlyCount "81"]

1.d4 Nf6 2.Nf3 e6 3.e3 b6 4.Bd3 Bb7 5.O-O d5 6.b3 Bd6 7.Bb2 Nbd7 8.c4 O-O 
9.Ne5 dxc4 10.Nxc4 Be7 11.Nc3 c5 12.Qe2 cxd4 13.exd4 Nd5 14.Nxd5 Bxd5 15.
Ne3 Nf6 16.Rad1 Qd7 17.f4 g6 18.g4 Rac8 19.f5 exf5 20.gxf5 Rfe8 21.Nxd5 
Qxd5 22.Bc4 Qd6 23.fxg6 hxg6 24.Qf3 Rf8 25.Rf2 Rcd8 26.Re1 b5 27.Bxb5 Nd5 
28.Re5 Bh4 29.Rg2 Qf6 30.Qg4 a6 31.Bc4 Rfe8 32.Bxd5 Kh7 33.Rxe8 Rxe8 34.
Bc3 Be1 35.Qh3+ Kg7 36.Bc4 Re4 37.Bb2 Kg8 38.Qc8+ Kh7 39.d5 Bc3 40.Qh3+ 
Rh4 41.Qxc3 1-0

[Event "20th Asia-ch (w)"]
[Site "Tashkent UZB"]
[Date "2016.05.29"]
[Round "4.2"]
[White "Hoang Thi Bao Tram"]
[Black "Li Xueyi"]
[Result "1/2-1/2"]
[WhiteElo "2263"]
[BlackElo "2105"]
[EventDate "2016.05.26"]
[PlyCount "77"]

1.d4 d5 2.c4 e6 3.Nf3 c6 4.Qc2 Nf6 5.Bg5 h6 6.Bxf6 Qxf6 7.g3 Nd7 8.Bg2 Nb6
9.Nbd2 Bb4 10.c5 Nc4 11.e3 Nxd2 12.Nxd2 e5 13.O-O Bxd2 14.dxe5 Qxe5 15.
Qxd2 O-O 16.Rad1 Bf5 17.Qb4 Qe7 18.Rd4 Rab8 19.Rc1 Rfc8 20.Qd2 b6 21.cxb6 
axb6 22.b4 Be6 23.Rd3 Bf5 24.Rd4 Be6 25.a3 c5 26.Rd3 cxb4 27.Rxc8+ Rxc8 
28.axb4 Qxb4 29.Bxd5 Qb1+ 30.Kg2 Bxd5+ 31.Rxd5 Qe4+ 32.f3 Qe8 33.Qd3 Rb8 
34.Rd4 b5 35.Rb4 Qc6 36.Qf5 Qa6 37.Qe5 Qa2+ 38.Rb2 Qa7 39.Rxb5 1/2-1/2

[Event "20th Asia-ch (w)"]
[Site "Tashkent UZB"]
[Date "2016.05.29"]
[Round "4.3"]
[White "Khademalsharieh, Sarasadat"]
[Black "Kulkarni, Bhakti Pradip"]
[Result "0-1"]
[WhiteElo "2459"]
[BlackElo "2296"]
[EventDate "2016.05.26"]
[PlyCount "74"]

1.d4 d5 2.c4 Nc6 3.Nf3 Bg4 4.cxd5 Bxf3 5.gxf3 Qxd5 6.e3 e5 7.Nc3 Bb4 8.Bd2
Bxc3 9.bxc3 Qd6 10.Bd3 Nf6 11.Qc2 O-O 12.O-O Rfd8 13.Rab1 b6 14.Rfd1 Ne7 
15.Bf1 Ng6 16.Qf5 c5 17.Be1 cxd4 18.cxd4 Qc6 19.Rbc1 Qb7 20.Qh3 exd4 21.
Bg2 dxe3 22.fxe3 Qe7 23.Bf2 Rxd1+ 24.Rxd1 Qa3 25.f4 Rf8 26.Qf3 Re8 27.Qc6 
Qxa2 28.e4 Rf8 29.Qc1 Qe2 30.Rd4 Qg4 31.e5 Nh5 32.h3 Qf5 33.Be3 Nh4 34.Bf2
Nxg2 35.Kxg2 h6 36.Qe3 Rc8 37.Qf3 g6 0-1

[Event "20th Asia-ch (w)"]
[Site "Tashkent UZB"]
[Date "2016.05.29"]
[Round "4.4"]
[White "Guo Qi"]
[Black "Pham Le Thao Nguyen"]
[Result "1/2-1/2"]
[WhiteElo "2447"]
[BlackElo "2348"]
[EventDate "2016.05.26"]
[PlyCount "83"]

1.d4 Nf6 2.c4 e6 3.Nc3 d5 4.Bg5 Be7 5.e3 O-O 6.Nf3 h6 7.Bxf6 Bxf6 8.Qc2 b6
9.cxd5 exd5 10.Bd3 Bb7 11.O-O Nd7 12.b4 c6 13.Qb3 Be7 14.b5 Nf6 15.bxc6 
Bxc6 16.Ba6 Bd6 17.Rfc1 Qe7 18.a4 Rad8 19.Nb5 Bxb5 20.Bxb5 Rc8 21.Ba6 
Rxc1+ 22.Rxc1 Rd8 23.Qb5 Bb8 24.Qb3 Bd6 25.Rc2 g6 26.g3 Rd7 27.Nd2 h5 28.
Be2 Rd8 29.Qb5 Kg7 30.Bf3 h4 31.Nf1 Qe6 32.Rc6 Qf5 33.Qe2 Qd7 34.Qc2 Rh8 
35.Rc3 Bb8 36.Qd1 hxg3 37.fxg3 Re8 38.Qc2 Bd6 39.Be2 Rd8 40.Bf3 Re8 41.Be2
Rd8 42.Bd3 1/2-1/2

[Event "20th Asia-ch (w)"]
[Site "Tashkent UZB"]
[Date "2016.05.29"]
[Round "4.5"]
[White "Gomes, Mary Ann"]
[Black "Saduakasova, Dinara"]
[Result "1/2-1/2"]
[WhiteElo "2304"]
[BlackElo "2415"]
[EventDate "2016.05.26"]
[PlyCount "60"]

1.Nf3 d5 2.g3 c6 3.Bg2 Bg4 4.c4 e6 5.O-O Nf6 6.d3 Nbd7 7.Nbd2 Bd6 8.Qc2 
O-O 9.e4 dxe4 10.Nxe4 Nxe4 11.dxe4 e5 12.Be3 Bxf3 13.Bxf3 Bc5 14.Rad1 Bxe3
15.fxe3 Qe7 16.b4 a5 17.a3 Nf6 18.c5 axb4 19.axb4 Qe6 20.Rf2 Ra3 21.Rd3 
Rxd3 22.Qxd3 Ra8 23.Bd1 Qd7 24.Qxd7 Nxd7 25.Kg2 Nf6 26.Kf3 Ra1 27.Rd2 Kf8 
28.Be2 Ke7 29.Rb2 Rc1 30.Ra2 Rb1 1/2-1/2

[Event "20th Asia-ch (w)"]
[Site "Tashkent UZB"]
[Date "2016.05.29"]
[Round "4.6"]
[White "Gong Qianyun"]
[Black "Tokhiryonova, Gulrukhbegim"]
[Result "0-1"]
[WhiteElo "2293"]
[BlackElo "2390"]
[EventDate "2016.05.26"]
[PlyCount "70"]

1.e4 e5 2.Nf3 Nc6 3.Bc4 Bc5 4.O-O Nf6 5.d3 O-O 6.c3 d5 7.exd5 Nxd5 8.Re1 
Bg4 9.h3 Bh5 10.b4 Bb6 11.b5 Na5 12.Rxe5 Nxc4 13.Rxh5 Nf6 14.Rh4 Nd6 15.
Bg5 h6 16.Bd2 Re8 17.Rb4 a6 18.bxa6 Rxa6 19.Rb2 Nf5 20.Be1 Nd5 21.d4 Nf4 
22.Bd2 Ne2+ 23.Kf1 Ba5 24.Rb5 Nh4 25.Re5 Nxf3 26.Rxe8+ Qxe8 27.gxf3 Re6 
28.a4 Rg6 29.Be3 Rg1+ 30.Kxe2 Rxd1 31.Kxd1 Qe6 32.Kc2 Qf5+ 33.Kb3 Qxf3 34.
Nd2 Qxh3 35.Rg1 Kh7 0-1

[Event "20th Asia-ch (w)"]
[Site "Tashkent UZB"]
[Date "2016.05.29"]
[Round "4.7"]
[White "Hejazipour, Mitra"]
[Black "Pratyusha, Bodda"]
[Result "1-0"]
[WhiteElo "2349"]
[BlackElo "2336"]
[EventDate "2016.05.26"]
[PlyCount "28"]

1.d4 d5 2.c4 c6 3.Nf3 Nf6 4.Nc3 e6 5.e3 Nbd7 6.Qc2 Bd6 7.Bd3 O-O 8.O-O 
dxc4 9.Bxc4 b5 10.Bd3 Bb7 11.Ng5 h6 12.Nge4 Be7 13.Rd1 Rc8 14.Nxf6+ Nxf6 
1-0

[Event "20th Asia-ch (w)"]
[Site "Tashkent UZB"]
[Date "2016.05.29"]
[Round "4.8"]
[White "Soumya, Swaminathan"]
[Black "Mongontuul, Batchujagijn"]
[Result "1-0"]
[WhiteElo "2346"]
[BlackElo "2442"]
[EventDate "2016.05.26"]
[PlyCount "119"]

1.e4 c5 2.Nf3 e6 3.d4 cxd4 4.Nxd4 Nc6 5.Nc3 Qc7 6.Be3 a6 7.Be2 Nf6 8.O-O 
Be7 9.f4 d6 10.Kh1 O-O 11.Qe1 Nxd4 12.Bxd4 b5 13.Qg3 Bb7 14.a3 Rad8 15.
Rae1 Rd7 16.Bd3 Re8 17.a4 b4 18.Na2 d5 19.exd5 Rxd5 20.Bxf6 Bxf6 21.Nxb4 
Ra5 22.c3 Rxa4 23.Qh3 h6 24.Qe3 Rb8 25.Re2 Ra5 26.Be4 Rb5 27.h3 a5 28.Nd3 
Ba6 29.f5 R5b6 30.fxe6 Rxe6 31.Nc5 Qxc5 32.Qxc5 Bxe2 33.Rxf6 Rxf6 34.Qxa5 
Re8 35.Bd5 Rf5 36.Qa4 Rb8 37.Qe4 Rf2 38.b4 Bb5 39.Qe5 Re8 40.Bxf7+ Rxf7 
41.Qxb5 Re1+ 42.Kh2 Rf2 43.Qd5+ Kh7 44.c4 Rb2 45.b5 Reb1 46.c5 Rxb5 47.
Qd3+ Kh8 48.c6 R1b2 49.c7 Rc5 50.Qd8+ Kh7 51.c8=Q Rxc8 52.Qxc8 Rf2 53.Qc5 
Rf6 54.h4 Kg8 55.Qd5+ Kf8 56.g4 g6 57.Qe5 Kf7 58.Kg3 Re6 59.Qh8 g5 60.Qh7+
1-0

[Event "20th Asia-ch (w)"]
[Site "Tashkent UZB"]
[Date "2016.05.29"]
[Round "4.9"]
[White "Padmini, Rout"]
[Black "Nodiryanova, Nodira"]
[Result "1-0"]
[WhiteElo "2433"]
[BlackElo "2128"]
[EventDate "2016.05.26"]
[PlyCount "83"]

1.e4 e6 2.d4 d5 3.Nc3 Nf6 4.e5 Nfd7 5.f4 c5 6.Nf3 Nc6 7.Be3 a6 8.Qd2 b5 9.
dxc5 Bxc5 10.Bd3 Bb7 11.Bxc5 Nxc5 12.O-O Qb6 13.Qf2 b4 14.Ne2 h6 15.Kh1 
O-O 16.Ng3 Na4 17.Qe1 g6 18.Rb1 Nc5 19.Qd2 Kg7 20.f5 exf5 21.Bxf5 Ne7 22.
Bd3 Rad8 23.Qf4 f5 24.exf6+ Rxf6 25.Qh4 Nxd3 26.cxd3 Rdf8 27.d4 Nc6 28.Ne2
a5 29.Rfe1 Ba6 30.Rbd1 Bxe2 31.Rxe2 Rf4 32.Qe1 R8f7 33.h3 Qb5 34.Re6 R7f6 
35.Rc1 Rxe6 36.Qxe6 Rf6 37.Qd7+ Kg8 38.Kh2 Rxf3 39.Rxc6 Qd3 40.Rc8+ Rf8 
41.Qe6+ Kg7 42.Rc7+ 1-0

[Event "20th Asia-ch (w)"]
[Site "Tashkent UZB"]
[Date "2016.05.29"]
[Round "4.10"]
[White "Batchimeg, Tuvshintogs"]
[Black "Uuriintuya, Uurtsaikh"]
[Result "1-0"]
[WhiteElo "2412"]
[BlackElo "2172"]
[EventDate "2016.05.26"]
[PlyCount "73"]

1.d4 Nf6 2.Nf3 g6 3.c4 Bg7 4.Nc3 d6 5.e4 O-O 6.h3 e5 7.d5 Nh5 8.g3 f5 9.
exf5 gxf5 10.Nh4 Qe8 11.Be2 Nf6 12.Qc2 Na6 13.a3 Nc5 14.Be3 Nce4 15.Nxe4 
Nxe4 16.Bd3 Qh5 17.Bxe4 fxe4 18.Qxe4 c6 19.dxc6 bxc6 20.Rd1 Rb8 21.b4 d5 
22.cxd5 cxd5 23.Qxd5+ Kh8 24.O-O Bxh3 25.Bc5 Rg8 26.Ng2 Bf6 27.Rfe1 Bg4 
28.Rd3 Rbe8 29.Bd6 Rg5 30.Rde3 Kg7 31.f4 Rf5 32.Bxe5 Rf8 33.Nh4 Rxf4 34.
gxf4 Kh6 35.Ng2 Qg6 36.Bxf6 Rxf6 37.Qg5+ 1-0

[Event "20th Asia-ch (w)"]
[Site "Tashkent UZB"]
[Date "2016.05.29"]
[Round "4.11"]
[White "Citra, Dewi Ardhiani Anastasia"]
[Black "Vaishali, Ramesh Babu"]
[Result "0-1"]
[WhiteElo "2127"]
[BlackElo "2322"]
[EventDate "2016.05.26"]
[PlyCount "50"]

1.e4 e5 2.Nf3 Nc6 3.Bb5 a6 4.Ba4 d6 5.c4 Nf6 6.Nc3 Bd7 7.O-O Be7 8.d3 O-O 
9.h3 Nh5 10.Nd5 f5 11.exf5 Bxf5 12.d4 Be4 13.Nxe7+ Qxe7 14.Ng5 Bg6 15.dxe5
Nxe5 16.Qd5+ Kh8 17.Qe6 Qd8 18.f4 Bd3 19.b3 Qxg5 20.fxg5 Rxf1+ 21.Kh2 Be4 
22.Be8 Rf2 23.h4 Rxg2+ 24.Kh3 Rg3+ 25.Kh2 Nf3+ 0-1

[Event "20th Asia-ch (w)"]
[Site "Tashkent UZB"]
[Date "2016.05.29"]
[Round "4.12"]
[White "Vo Thi Kim Phung"]
[Black "Antonova, Nadezhda"]
[Result "1-0"]
[WhiteElo "2173"]
[BlackElo "1989"]
[EventDate "2016.05.26"]
[PlyCount "122"]

1.d4 d6 2.e4 Nf6 3.Nc3 e5 4.dxe5 dxe5 5.Qxd8+ Kxd8 6.Nf3 Bd6 7.Bc4 Ke8 8.
Bg5 c6 9.O-O-O Bc7 10.h3 Nbd7 11.a3 b5 12.Ba2 a5 13.Rhe1 Nc5 14.Bxf6 gxf6 
15.Nh4 b4 16.Nb1 Be6 17.Bxe6 fxe6 18.Nd2 Ke7 19.Nc4 Rhd8 20.Rxd8 Rxd8 21.
Nf3 Rg8 22.g3 Nb7 23.Nfd2 Ra8 24.a4 Nc5 25.b3 Nb7 26.Re3 Rg8 27.Nf3 Bb8 
28.Ne1 Ba7 29.Re2 Bd4 30.Nd3 h5 31.h4 Ra8 32.Rd2 Rg8 33.Re2 Ra8 34.f3 Rh8 
35.Rg2 Kf7 36.Kd1 Rh7 37.Ke1 Rh8 38.Kf1 Ke7 39.Rd2 Ra8 40.Kg2 Kf7 41.Rd1 
Rh8 42.Kh3 Rg8 43.f4 Rg4 44.fxe5 Rxe4 45.exf6 e5 46.Ndxe5+ Bxe5 47.Rd7+ 
Kxf6 48.Rxb7 Re2 49.Rh7 Rxc2 50.Rh6+ Kg7 51.Rxh5 Bd4 52.Rg5+ Kf6 53.Nxa5 
Rc3 54.Kg4 Be5 55.Rf5+ Ke6 56.Rf3 Bc7 57.Nc4 Rc1 58.h5 Rh1 59.Kg5 Rh3 60.
h6 Bd8+ 61.Kg6 Kd5 1-0

[Event "20th Asia-ch (w)"]
[Site "Tashkent UZB"]
[Date "2016.05.30"]
[Round "5.1"]
[White "Kulkarni, Bhakti Pradip"]
[Black "Nguyen Thi Mai Hung"]
[Result "1-0"]
[WhiteElo "2296"]
[BlackElo "2276"]
[EventDate "2016.05.26"]
[PlyCount "77"]

1.d4 d5 2.c4 c6 3.Nc3 Nf6 4.Nf3 e6 5.e3 Nbd7 6.Qc2 Bd6 7.Bd3 O-O 8.O-O 
dxc4 9.Bxc4 b5 10.Be2 a6 11.e4 e5 12.h3 Bb7 13.dxe5 Nxe5 14.Nh4 Ng6 15.Nf5
Bb8 16.f4 c5 17.e5 Nd5 18.Nxd5 Qxd5 19.Bf3 Qd7 20.Rd1 Qc7 21.Bxb7 Qxb7 22.
Be3 Ba7 23.Kh2 c4 24.Nd6 Qc6 25.Qf2 Bxe3 26.Qxe3 Rfd8 27.f5 Nf8 28.f6 Ng6 
29.fxg7 f6 30.Qh6 fxe5 31.Nf5 Qf6 32.Rf1 e4 33.Kh1 Rd7 34.Qe3 Qe5 35.h4 
Ne7 36.Nh6+ Kxg7 37.Ng4 Qd4 38.Qh6+ Kh8 39.Rf7 1-0

[Event "20th Asia-ch (w)"]
[Site "Tashkent UZB"]
[Date "2016.05.30"]
[Round "5.2"]
[White "Tokhiryonova, Gulrukhbegim"]
[Black "Hoang Thi Bao Tram"]
[Result "1-0"]
[WhiteElo "2390"]
[BlackElo "2263"]
[EventDate "2016.05.26"]
[PlyCount "109"]

1.e4 c6 2.d4 d5 3.e5 Bf5 4.Nf3 e6 5.Be2 Nd7 6.Nbd2 Ne7 7.O-O Nc8 8.Re1 Be7
9.Nf1 O-O 10.Be3 a6 11.a4 Bg6 12.Qd2 c5 13.Ng3 Na7 14.Bd3 Nc6 15.Bxg6 hxg6
16.c3 Rc8 17.Rad1 cxd4 18.Bxd4 Nxd4 19.Nxd4 Qa5 20.Qf4 Rc4 21.h4 Rxa4 22.
h5 g5 23.Qg4 Qb6 24.Rd2 Ra2 25.Kh2 Rxb2 26.Rxb2 Qxb2 27.Nxe6 fxe6 28.Qxe6+
Rf7 29.Qxd7 Qxc3 30.Rb1 Qc6 31.Rxb7 Qxd7 32.Rxd7 Bc5 33.Rxd5 Bxf2 34.Ne4 
Be3 35.Kh3 Re7 36.Kg4 Ra7 37.Nxg5 Kf8 38.Ne6+ Kf7 39.Kf5 a5 40.Nd8+ Kg8 
41.Nc6 Rc7 42.Nxa5 Kh7 43.e6 Kh6 44.g4 Bg5 45.Nb3 Rc2 46.Nd4 Rf2+ 47.Ke5 
g6 48.Kd6 Rf4 49.Nc6 gxh5 50.Rxg5 Kxg5 51.e7 Rf6+ 52.Kd5 hxg4 53.e8=Q g3 
54.Ne5 Kf4 55.Qa4+ 1-0

[Event "20th Asia-ch (w)"]
[Site "Tashkent UZB"]
[Date "2016.05.30"]
[Round "5.3"]
[White "Pourkashiyan, Atousa"]
[Black "Hejazipour, Mitra"]
[Result "1/2-1/2"]
[WhiteElo "2336"]
[BlackElo "2349"]
[EventDate "2016.05.26"]
[PlyCount "80"]

1.e4 c5 2.Nf3 d6 3.d4 cxd4 4.Nxd4 Nf6 5.Nc3 a6 6.Bg5 e6 7.f4 Be7 8.Qf3 Qc7
9.O-O-O Nbd7 10.g4 b5 11.Bxf6 Nxf6 12.g5 Nd7 13.f5 O-O 14.h4 b4 15.Nce2 e5
16.f6 exd4 17.fxe7 Re8 18.Nxd4 Ne5 19.Qf2 Qc5 20.h5 Ng4 21.Qf4 Rxe7 22.Bh3
Ne5 23.h6 Ng6 24.Qd2 Bxh3 25.Rxh3 Rxe4 26.hxg7 Rc8 27.Nb3 Qc4 28.Rh2 a5 
29.Kb1 a4 30.Nd4 Rc5 31.Nf3 Rf5 32.Qg2 Nf4 33.Qg4 Rd5 34.Rc1 Re3 35.Nd2 
Qd4 36.Qh4 Rh3 37.Rxh3 Nxh3 38.Qxh3 Qxd2 39.Qf3 Ra5 40.Rf1 Qd5 1/2-1/2

[Event "20th Asia-ch (w)"]
[Site "Tashkent UZB"]
[Date "2016.05.30"]
[Round "5.4"]
[White "Li Xueyi"]
[Black "Soumya, Swaminathan"]
[Result "1/2-1/2"]
[WhiteElo "2105"]
[BlackElo "2346"]
[EventDate "2016.05.26"]
[PlyCount "90"]

1.d4 d5 2.c4 e6 3.g3 Nf6 4.Bg2 Be7 5.Nf3 c6 6.O-O O-O 7.Qc2 b6 8.Ne5 Bb7 
9.Rd1 Qc8 10.Nc3 dxc4 11.e4 b5 12.g4 Nfd7 13.Nf3 Na6 14.a3 b4 15.Ne2 Nb6 
16.Bg5 Bxg5 17.Nxg5 e5 18.h3 b3 19.Qc1 Qc7 20.a4 Nb4 21.a5 Nd3 22.Rxd3 
cxd3 23.axb6 axb6 24.Rxa8 Rxa8 25.Ng3 exd4 26.Bf1 Ba6 27.Nf3 c5 28.Nf5 f6 
29.N5xd4 Qe7 30.Nxb3 Qxe4 31.Nbd2 Qb4 32.b3 Rd8 33.Qe1 Kf7 34.Qa1 Bc8 35.
Qa7+ Rd7 36.Qb8 Ba6 37.g5 Bb7 38.gxf6 gxf6 39.Qh8 Be4 40.Bg2 Bxf3 41.Qxh7+
Ke6 42.Qg8+ Ke7 43.Qg7+ Ke6 44.Qg8+ Ke7 45.Qg7+ Ke6 1/2-1/2

[Event "20th Asia-ch (w)"]
[Site "Tashkent UZB"]
[Date "2016.05.30"]
[Round "5.5"]
[White "Vaishali, Ramesh Babu"]
[Black "Guo Qi"]
[Result "1/2-1/2"]
[WhiteElo "2322"]
[BlackElo "2447"]
[EventDate "2016.05.26"]
[PlyCount "105"]

1.e4 c6 2.d4 d5 3.Nc3 dxe4 4.Nxe4 Nd7 5.Ng5 Ngf6 6.Bd3 e6 7.N1f3 Bd6 8.Qe2
h6 9.Ne4 Nxe4 10.Qxe4 Qc7 11.Bd2 b6 12.O-O-O Bb7 13.Rhe1 O-O-O 14.Qe2 Rhe8
15.Ne5 Nxe5 16.dxe5 Bf8 17.f4 g6 18.g4 Kb8 19.Kb1 c5 20.Bc3 Bd5 21.f5 c4 
22.Be4 Bxe4 23.Qxe4 Rxd1+ 24.Rxd1 Rd8 25.Rf1 gxf5 26.gxf5 b5 27.a3 Qb7 28.
Qxb7+ Kxb7 29.fxe6 fxe6 30.Ba5 Re8 31.Rf7+ Kc6 32.Rxa7 Bc5 33.Rc7+ Kd5 34.
Bc3 Rg8 35.Rd7+ Kc6 36.Rh7 Rg1+ 37.Ka2 Rg2 38.Rxh6 Kd5 39.Kb1 Rg1+ 40.Ka2 
Rg2 41.Rh8 Rxc2 42.h4 Rh2 43.h5 Ke4 44.Rb8 Bd4 45.Bxd4 Kxd4 46.Rxb5 c3 47.
Rb3 cxb2 48.a4 Rxh5 49.Kxb2 Rxe5 50.Rb4+ Kd3 51.Kb3 Rc5 52.Rb5 Kd4 53.Rxc5
1/2-1/2

[Event "20th Asia-ch (w)"]
[Site "Tashkent UZB"]
[Date "2016.05.30"]
[Round "5.6"]
[White "Pham Le Thao Nguyen"]
[Black "Padmini, Rout"]
[Result "1/2-1/2"]
[WhiteElo "2348"]
[BlackElo "2433"]
[EventDate "2016.05.26"]
[PlyCount "108"]

1.d4 Nf6 2.Nf3 g6 3.g3 Bg7 4.Bg2 O-O 5.O-O d6 6.c4 Nbd7 7.Nc3 e5 8.b3 Re8 
9.Qc2 h6 10.Rd1 c6 11.e3 Qc7 12.Ba3 Bf8 13.Rac1 Qa5 14.Bb2 Bg7 15.a4 Qc7 
16.b4 Nf8 17.d5 Bf5 18.e4 Bg4 19.h3 Bxf3 20.Bxf3 h5 21.c5 Rad8 22.Bg2 dxc5
23.bxc5 N6d7 24.Ba3 Rc8 25.Qb3 Bh6 26.Rb1 Rb8 27.Qc2 Nh7 28.Rb3 Bf8 29.d6 
Qd8 30.Na2 Ng5 31.Rdb1 Qc8 32.Nc1 Ne6 33.Ne2 b6 34.cxb6 axb6 35.f4 c5 36.
fxe5 Nxe5 37.Rxb6 Rxb6 38.Rxb6 Nd7 39.Rb1 Bxd6 40.Rd1 Be5 41.Bb2 Qb8 42.
Bxe5 Nxe5 43.Nf4 Nd4 44.Qf2 Qb3 45.Rf1 Qxa4 46.Nd5 Re6 47.Kh1 Kg7 48.Nf4 
Qd7 49.Nxe6+ Qxe6 50.Qe3 Qe7 51.Rc1 Nd7 52.Rc4 Ne5 53.Rc1 Nd7 54.Rc4 Ne5 
1/2-1/2